Seeing in the dark / (Record no. 145660)

MARC details
000 -LEADER
fixed length control field 00928nam a22002297a 4500
005 - DATE AND TIME OF LATEST TRANSACTION
control field 20180611151835.0
010 ## - LCCN (DPL NO)
LC control number B-688710-711
020 ## - INTERNATIONAL STANDARD BOOK NUMBER
International Standard Book Number 9780199459674
Terms of availability 495.00
035 ## - SYSTEM CONTROL NUMBER
System control number B-664923
035 ## - SYSTEM CONTROL NUMBER
System control number B-688710-711
037 ## - SOURCE OF ACQUISITION
Source of stock number/acquisition bookwell
Stock number dpl
082 ## - DEWEY DECIMAL CLASSIFICATION NUMBER
Classification number 811.54
100 ## - MAIN ENTRY--PERSONAL NAME
Personal name Chudamani, R.
245 ## - TITLE STATEMENT
Title Seeing in the dark /
Statement of responsibility, etc by R. Chudamani; edited by Mini Krishnan
260 ## - PUBLICATION, DISTRIBUTION, ETC. (IMPRINT)
Place of publication, distribution, etc New Delhi
Name of publisher, distributor, etc Oxford
Date of publication, distribution, etc 2015
270 ## - ADDRESS
Address YMCA Library Building, 1 Jai Singh Road,
City New Delhi
Postal code 110001
300 v# - PHYSICAL DESCRIPTION
Extent xxxii,239p.
Dimensions 22cm(pbk)
700 ## - ADDED ENTRY--PERSONAL NAME
Personal name Krishnan, Mini
942 ## - ADDED ENTRY ELEMENTS (KOHA)
Source of classification or shelving scheme Dewey Decimal Classification
Item type English Books
Call number suffix CHU
Classification part 811.54
Holdings
Withdrawn status Lost status Not for loan Collection code Home library Current library Date acquired Source of acquisition Cost, normal purchase price Full call number Barcode Copy number Cost, replacement price Koha item type
      Non-fiction Ashok Vihar Ashok Vihar 28/02/2018 Uppal/14146/27.2.2017/EN/AV/473/15.2.2017/7.3.2017 495.00 811.54 CHU B-664923 1 495.00 English Books
      Non-fiction Ashok Vihar Ashok Vihar 11/06/2018 Bookwell/0752/29-11-2017/643/20-11-2017/15-1-18 495.00 811.54 CHU B-688711 1 495.00 English Books
      Non-fiction Central Library Central Library 11/06/2018 Bookwell/0752/29-11-2017/643/20-11-2017/15-1-18 495.00 811.54 CHU B-688710 1 495.00 English Books

© Delhi Public Library
Hit Counter
free hit counter